[Event "FIN-chT 1718"]
[Site "Finland"]
[Date "2018.03.11"]
[Round "11.6"]
[White "Paakkonen, Timo"]
[Black "Titovets, Sergei"]
[Result "1/2-1/2"]
[WhiteElo "2222"]
[BlackElo "2061"]
[PlyCount "135"]
[EventDate "2017.09.16"]
[EventType "team-tourn"]
[EventRounds "11"]
[EventCountry "FIN"]
[SourceTitle "EXT 2019"]
[Source "ChessBase"]
[SourceDate "2018.10.10"]
[SourceVersion "1"]
[SourceVersionDate "2018.10.10"]
[SourceQuality "1"]
[WhiteTeam "Helsinki SSK"]
[BlackTeam "Karjaa KarjUra"]
[WhiteTeamCountry "FIN"]
[BlackTeamCountry "FIN"]

1. d4 Nf6 2. Nf3 g6 3. c4 Bg7 4. Nc3 0-0 5. e4 d6 6. Be2 Nbd7 7. 0-0 e5 8. Re1 Re8 9. d5 a6 10. Rb1 Nf8 11. b4 h6 12. Nd2 g5 13. c5 Ng6 14. Nc4 Nf4 15. Bf1 Kh8 16. cxd6 cxd6 17. Be3 b5 18. Nb6 Rb8 19. Nxc8 Rxc8 20. Rc1 Rg8 21. a4 a5 22. Nxb5 Rxc1 23. Bxc1 axb4 24. Bd2 b3 25. Qxb3 Bf8 26. a5 h5 27. Qc3 Ng4 28. f3 Nf6 29. Qc7 Qxc7 30. Nxc7 g4 31. fxg4 Bh6 32. Bb4 Rxg4 33. g3 h4 34. Bxd6 hxg3 35. Bxe5 g2 36. Bxf6+ Kh7 37. Re3 Nxd5 38. Nxd5 gxf1Q+ 39. Kxf1 Bxe3 40. Ke2 Bg1 41. Kf3 Rg8 42. Be5 Ra8 43. Bc7 Bxh2 44. Bxh2 Rxa5 45. Bc7 Ra2 46. Kf4 Kg6 47. Ke5 Rf2 48. Nf4+ Kg7 49. Kf5 Rf1 50. Be5+ Kf8 51. Bd6+ Kg7 52. Bc5 Rf3 53. Kg5 Rf1 54. Nh5+ Kg8 55. Ng3 Rf3 56. Kg4 Rb3 57. Nf5 Rb1 58. Kg5 Rf1 59. Kf6 Rf4 60. Ke5 Rf3 61. Be3 Rf1 62. Kf6 Rf3 63. Ke7 Rf1 64. Bd4 Rf4 65. Nd6 f5 66. Nxf5 Rxe4+ 67. Kf6 Rxd4 68. Nxd4 1/2-1/2

[Event "FIN-chT 1718"]
[Site "Finland"]
[Date "2018.02.03"]
[Round "7.7"]
[White "Anttila, Perttu"]
[Black "Titovets, Sergei"]
[Result "1-0"]
[WhiteElo "2200"]
[BlackElo "2061"]
[PlyCount "63"]
[EventDate "2017.09.16"]
[EventType "team-tourn"]
[EventRounds "11"]
[EventCountry "FIN"]
[SourceTitle "EXT 2019"]
[Source "ChessBase"]
[SourceDate "2018.10.10"]
[SourceVersion "1"]
[SourceVersionDate "2018.10.10"]
[SourceQuality "1"]
[WhiteTeam "Vantaa EtVaS"]
[BlackTeam "Karjaa KarjUra"]
[WhiteTeamCountry "FIN"]
[BlackTeamCountry "FIN"]

1. d4 Nc6 2. d5 Ne5 3. Nc3 Ng6 4. e4 e5 5. dxe6 fxe6 6. Be3 Bb4 7. Bd3 Bxc3+ 8. bxc3 e5 9. h4 Qf6 10. Qd2 h6 11. h5 N6e7 12. f4 Nc6 13. Nf3 Nge7 14. 0-0-0 d6 15. fxe5 dxe5 16. Rhf1 Qd6 17. Qf2 Qa3+ 18. Kd2 Be6 19. Bc5 Qa5 20. a3 0-0-0 21. Bb4 Qa4 22. Ke2 Rd7 23. Rd2 a5 24. Bxe7 Rxe7 25. Qc5 b6 26. Qb5 Qxb5 27. Bxb5 Kb7 28. Bxc6+ Kxc6 29. Nxe5+ Kb7 30. Ke3 Bc8 31. Ng6 Re6 32. Nxh8 1-0

[Event "FIN-chT 1617"]
[Site "Finland"]
[Date "2017.03.12"]
[Round "11.4"]
[White "Keinanen, Toivo"]
[Black "Titovets, Sergei"]
[Result "1-0"]
[WhiteElo "2329"]
[BlackElo "2042"]
[PlyCount "63"]
[EventDate "2016.09.17"]
[EventType "team-tourn"]
[EventRounds "11"]
[EventCountry "FIN"]
[SourceTitle "EXT 2018"]
[Source "ChessBase"]
[SourceDate "2017.10.13"]
[SourceVersion "1"]
[SourceVersionDate "2017.10.13"]
[SourceQuality "1"]
[WhiteTeam "Espoo MatSK"]
[BlackTeam "Karjaa KarjUra"]
[WhiteTeamCountry "FIN"]
[BlackTeamCountry "FIN"]

1. c4 Nc6 2. g3 e5 3. Nc3 Nf6 4. Bg2 h6 5. Nf3 Bb4 6. Nd5 Bc5 7. 0-0 d6 8. e3 Bg4 9. h3 Bh5 10. g4 Bg6 11. d4 Bb6 12. b4 exd4 13. Nxd4 Bxd4 14. exd4 0-0 15. b5 Na5 16. Qa4 b6 17. Bd2 a6 18. Rfe1 Nxd5 19. Bxd5 axb5 20. cxb5 Ra7 21. Re3 Qf6 22. Rf3 Qh4 23. Qb4 Nb7 24. Re1 Qd8 25. Rfe3 Na5 26. f4 Kh8 27. f5 Bh7 28. Qb2 f6 29. Bxa5 Rxa5 30. Bc6 Bg8 31. Re8 Rxa2 32. Rxd8 1-0

[Event "FIN-chT1B 1516"]
[Site "Finland"]
[Date "2016.03.12"]
[Round "8.6"]
[White "Titovets, Sergei"]
[Black "Vetelaeinen, Tomi"]
[Result "1-0"]
[WhiteElo "2019"]
[BlackElo "2059"]
[PlyCount "97"]
[EventDate "2015.09.12"]
[EventType "team-tourn"]
[EventRounds "8"]
[EventCountry "FIN"]
[SourceTitle "EXT 2017"]
[Source "ChessBase"]
[SourceDate "2016.10.25"]
[SourceVersion "1"]
[SourceVersionDate "2016.10.25"]
[SourceQuality "1"]
[WhiteTeam "Karjaa KarjUra"]
[BlackTeam "Vantaa Remi"]
[WhiteTeamCountry "FIN"]
[BlackTeamCountry "FIN"]

1. e4 e5 2. Nf3 Nc6 3. Bc4 Bc5 4. c3 Nf6 5. d3 d6 6. a4 a6 7. Bg5 h6 8. Bh4 Qe7 9. Nbd2 0-0 10. 0-0 Ba7 11. Re1 Be6 12. Qc2 Na5 13. Bd5 c5 14. h3 Rac8 15. Nf1 Nc6 16. Qd2 Kh7 17. g4 Qd7 18. Bxf6 gxf6 19. Bxc6 Rxc6 20. Ng3 Rg8 21. Nh4 c4 22. d4 d5 23. Ngf5 Bxf5 24. Nxf5 Rg5 25. dxe5 d4 26. cxd4 fxe5 27. d5 Rcg6 28. Kh2 b5 29. f3 Rf6 30. axb5 axb5 31. Ra2 Bc5 32. Qc3 h5 33. f4 Rgg6 34. fxe5 Rb6 35. gxh5 Rg5 36. h4 Rxf5 37. exf5 Qxf5 38. b4 Be7 39. Qc2 Qxc2+ 40. Rxc2 Bxb4 41. Rb1 Be7 42. Rxc4 Rh6 43. Rc7 Bxh4 44. Rxf7+ Kg8 45. Rf5 Rb6 46. d6 Kg7 47. Kh3 Bd8 48. Rg1+ Kh6 49. Rf8 1-0

[Event "FIN-chT1B 1516"]
[Site "Finland"]
[Date "2016.02.06"]
[Round "6.6"]
[White "Laine, Panu"]
[Black "Titovets, Sergei"]
[Result "1-0"]
[WhiteElo "2140"]
[BlackElo "2033"]
[PlyCount "87"]
[EventDate "2015.09.12"]
[EventType "team-tourn"]
[EventRounds "8"]
[EventCountry "FIN"]
[SourceTitle "EXT 2017"]
[Source "ChessBase"]
[SourceDate "2016.10.25"]
[SourceVersion "1"]
[SourceVersionDate "2016.10.25"]
[SourceQuality "1"]
[WhiteTeam "Espoo MatSK II"]
[BlackTeam "Karjaa KarjUra"]
[WhiteTeamCountry "FIN"]
[BlackTeamCountry "FIN"]

1. e4 Nc6 2. Nf3 d6 3. d4 Bg4 4. Be3 Nf6 5. Nc3 e6 6. h3 Bh5 7. d5 Ne5 8. g4 Nxf3+ 9. Qxf3 Bg6 10. 0-0-0 e5 11. Qg2 a6 12. g5 Nd7 13. Be2 h5 14. gxh6 gxh6 15. Bg4 h5 16. Bf5 Bxf5 17. exf5 Qe7 18. Rhg1 0-0-0 19. Bg5 f6 20. Be3 Qh7 21. Qg6 Bh6 22. Ne4 Bxe3+ 23. fxe3 Qh6 24. Qxh6 Rxh6 25. h4 Rdh8 26. c4 R6h7 27. Kc2 Kd8 28. Rg2 Ke7 29. Rdg1 Kf7 30. Rg6 b6 31. b4 Ra8 32. Kb3 Rf8 33. Kc3 Ra8 34. R1g2 a5 35. a3 axb4+ 36. Kxb4 Rf8 37. Kb5 Ke7 38. Kc6 Kd8 39. Rg7 Nb8+ 40. Kb7 Rxg7 41. Rxg7 Nd7 42. Rh7 Nc5+ 43. Nxc5 dxc5 44. Rxc7 1-0

[Event "FIN-chT1B 1516"]
[Site "Finland"]
[Date "2016.01.09"]
[Round "5.6"]
[White "Titovets, Sergei"]
[Black "Pietinen, Pekka"]
[Result "1-0"]
[WhiteElo "2014"]
[BlackElo "1992"]
[PlyCount "69"]
[EventDate "2015.09.12"]
[EventType "team-tourn"]
[EventRounds "8"]
[EventCountry "FIN"]
[SourceTitle "EXT 2017"]
[Source "ChessBase"]
[SourceDate "2016.10.25"]
[SourceVersion "1"]
[SourceVersionDate "2016.10.25"]
[SourceQuality "1"]
[WhiteTeam "Karjaa KarjUra"]
[BlackTeam "Helsinki KSK"]
[WhiteTeamCountry "FIN"]
[BlackTeamCountry "FIN"]

1. e4 e6 2. Nf3 d5 3. Nc3 Nf6 4. Qe2 Be7 5. d3 0-0 6. g3 dxe4 7. Nxe4 Nc6 8. Bg2 e5 9. h3 Bf5 10. 0-0 Qd7 11. Kh2 Rfe8 12. Bg5 Nxe4 13. dxe4 Bxg5 14. Nxg5 Bg6 15. c3 Qe7 16. Nf3 Qc5 17. Nh4 Rad8 18. Rad1 a6 19. Rd5 Qe7 20. Rfd1 f6 21. Nxg6 hxg6 22. Qg4 Rd6 23. Qxg6 Red8 24. h4 Qf8 25. Qg4 Qf7 26. Bf1 Qd7 27. Qf3 Qe8 28. Bc4 Kf8 29. b4 Ne7 30. Rxd6 Rxd6 31. Rxd6 cxd6 32. Qg4 Nc6 33. Qf5 Qe7 34. Qh5 Nd8 35. Qh8# 1-0